000 00763nam a2200265Ia 4500
003 OSt
005 20220923224936.0
006 a|||||r|||| 00| 0
007 ta
008 220922b |||||||| |||| 00| 0 hin d
020 _c50
024 _a253,975
037 _cTextual
040 _aARTS
_cARTS
_bhin
041 _2hin
_ahin
082 _aO152,3N218,DH, L7;M1
100 _aअमृतराय
_9156280
245 0 _aधुआं
246 _aDhuāan
260 _aइलाहाबाद
_b हंस प्रकाशन
_c1981
300 _a428पृ.
_ccm.
650 _aहिन्दी साहित्य
_9156264
942 _hO152,3N218,DH, L7;M1
_cTEXL
_2CC
999 _c374849
_d374849